书目信息 |
| 题名: |
现代日语感情词研究
|
|
| 作者: | 许罗莎 著 | |
| 分册: | ||
| 出版信息: | 北京 北京大学出版社 2005 |
|
| 页数: | 243页 | |
| 开本: | 21cm | |
| 丛书名: | ||
| 单 册: | ||
| 中图分类: | H363.1 | |
| 科图分类: | ||
| 主题词: | 日语--词汇--研究 , 日语 , 词汇 | |
| 电子资源: | ||
| ISBN: | 7-301-07928-1 | |
| 000 | 00932nam0 2200253 450 | |
| 001 | 012007514250 | |
| 005 | 20070522164105.32 | |
| 010 | @a7-301-07928-1@dCNY15.00 | |
| 100 | @a20070515d2005 km y0chiy0120 ea | |
| 101 | 0 | @achi@ajpn |
| 102 | @aCN@b110000 | |
| 105 | @ay z 000yy | |
| 106 | @ar | |
| 200 | 1 | @a现代日语感情词研究@Axian dai ri yu gan qing ci yan jiu@f许罗莎著@Fxu luo sha zhu |
| 210 | @a北京@c北京大学出版社@d2005 | |
| 215 | @a243页@d21cm | |
| 330 | @a本书对以趋向动词“起来”为补语的结构及其相关句法结构进行了系统的研究,着重探讨了“起来”与助词“了”的语义与语法结构关系,分析了“动词+起来”和”动词+了+起来”两种句式在语法结构和语法意义上的异同,并与日语相关表达形式进行了对比研究,指出日汉互译中应。 | |
| 606 | 0 | @a日语@x词汇@x研究 |
| 606 | 0 | @a日语 |
| 606 | 0 | @a词汇 |
| 690 | @aH363.1@v4 | |
| 701 | 0 | @a许罗莎@Axu luo sha@c(女,@f1953~)@4著 |
| 801 | 0 | @aCN@bRULIN@c20070522 |
| 905 | @dH363.1@e402@s8 | |
| 现代日语感情词研究/许罗莎著.-北京:北京大学出版社,2005 |
| 243页;21cm |
| ISBN 7-301-07928-1:CNY15.00 |
| 本书对以趋向动词“起来”为补语的结构及其相关句法结构进行了系统的研究,着重探讨了“起来”与助词“了”的语义与语法结构关系,分析了“动词+起来”和”动词+了+起来”两种句式在语法结构和语法意义上的异同,并与日语相关表达形式进行了对比研究,指出日汉互译中应。 |
| ● |
| 相关链接 |
|
|
|
|
正题名:现代日语感情词研究
索取号:H363.1/402
 
预约/预借
| 序号 | 登录号 | 条形码 | 馆藏地/架位号 | 状态 | 备注 |
| 1 | 0579343 | 205793435 | 第二样本阅览室/ [索取号:H363.1/402] | 在馆 | |
| 2 | 0579344 | 205793444 | 第四借阅区/ [索取号:H363.1/402] | 在馆 | |
| 3 | 0579345 | 205793453 | 第四借阅区/ [索取号:H363.1/402] | 在馆 | |
| 4 | 0579346 | 205793462 | 第四借阅区/ [索取号:H363.1/402] | 在馆 | |
| 5 | 0579347 | 205793471 | 第四借阅区/ [索取号:H363.1/402] | 在馆 | |
| 6 | 0579348 | 205793480 | 第四借阅区/ [索取号:H363.1/402] | 在馆 | |
| 7 | 0579349 | 205793499 | 第四借阅区/ [索取号:H363.1/402] | 在馆 | |
| 8 | 0579350 | 205793505 | 第四借阅区/ [索取号:H363.1/402] | 在馆 |